Národný program kvality Slovenskej republiky na roky 2004-2008 metodicko-informačná príručka

Saved in:
Bibliographic Details
Corporate Author: Úrad pre normalizáciu, metrológiu a skúšobníctvo Slovenskej republiky
Format: Book
Language:Slovak
Published: Žilina MASM 2004
Subjects:
Tags: Add Tag
No Tags, Be the first to tag this record!

MARC

LEADER 00000nam$a2200000$$$4500
001 0027609
005 20240313133245.1
020 |a 80-85348-62-4 
041 0 |a slo 
044 |a SK 
245 1 0 |a Národný program kvality Slovenskej republiky na roky 2004-2008  |b metodicko-informačná príručka 
264 1 |a Žilina  |b MASM  |c 2004 
300 |a 182 s. 
610 2 0 |a kvalita 
610 2 0 |a spoločnosti 
610 2 0 |a správa verejná 
610 2 0 |a správa štátna 
610 2 0 |a projekty 
610 2 0 |a modely 
610 2 0 |a súťaže 
610 2 0 |a charta 
610 2 0 |a normy 
610 2 0 |a adresáre 
610 2 0 |a Slovensko 
610 2 0 |a Európa 
610 2 0 |a 2004-2008 
710 2 |a Úrad pre normalizáciu, metrológiu a skúšobníctvo Slovenskej republiky